Statystyki dla Odgadnij państwo po emoji

Kliknij tutaj aby rozwiązać quiz!

Ogólne statystyki

  • Ten quiz został rozwiązany 81 razy
  • Średni wynik to 10 z 12

Statystyki odpowiedzi

PodpowiedźOdpowiedź% Poprawnych
🍕🍝🌞Włochy
100%
🗽🌭🕵🏻‍♂️Stany Zjednoczone
98%
🎨🥖⚽Francja
94%
🍁❄🏒Kanada
94%
🥨🍻🚗Niemcy
92%
🌶🌵🎩Meksyk
91%
🐼🎑🎆Chiny
89%
🌷🚲🏠Holandia
86%
🎎🌋⛩Japonia
83%
🏛⚡🌞Grecja
79%
🕋🕌👳🏻‍♂️Arabia Saudyjska
61%
🏰🍾🚨Rosja
27%

Rozkład punktacji

Percentyl według liczby udzielonych odpowiedzi

Procent ludzi z każdym wynikiem

Twoja historia wyników

Nie rozwiązałeś tego quizu